000 00326nam a22001457a 4500
008 210222b ||||| |||| 00| 0 eng d
020 _a058147087500679500000000
041 _aeng
080 _23rd
_a336
082 _a336
100 _a56
101 _aFIN
245 _aInternational Finance
_cLevi, M.D
942 _2udc
_cBK
999 _c55098
_d55098